| 000 | 00698cas a2200253 a 4500 | ||
|---|---|---|---|
| 003 | DLC | ||
| 005 | 20250625073543.0 | ||
| 008 | 991125s1952 c br p r 000 0 spa d | ||
| 022 | _a0121-4039 | ||
| 035 | _aUPN01000059330 | ||
| 040 |
_aMX-MxUPN _bspa _cMX-MxUPN _eaacr2 |
||
| 245 | 1 | 0 |
_aAlborada : _bla revista de padres y educadores |
| 260 |
_aMedellín, Colombia : _bFundacion Universitaria Luis Amigó, _c1952- |
||
| 310 | _aBimestral | ||
| 650 | 4 |
_aFamilias _944286 |
|
| 650 | 4 |
_aEducación _9682 |
|
| 650 | 4 |
_aMaestros _916336 |
|
| 653 | 0 | _aAspectos sociales | |
| 902 | _aGloria Jiménez/120625 | ||
| 904 |
_aAC _b000062 |
||
| 905 | _aRevista | ||
| 942 | _cREV-I | ||
| 999 |
_c59327 _d59327 |
||